Coalition politics in India / (Record no. 85147)

MARC details
000 -LEADER
fixed length control field 00704nam a22002177a 4500
005 - DATE AND TIME OF LATEST TRANSACTION
control field 20140626112835.0
010 ## - LCCN (DPL NO)
LC control number ENG-110342
020 ## - INTERNATIONAL STANDARD BOOK NUMBER
International Standard Book Number 9780198098577
Terms of availability 295.00
020 ## - INTERNATIONAL STANDARD BOOK NUMBER
International Standard Book Number 019809857x
Terms of availability 295.00
035 ## - SYSTEM CONTROL NUMBER
System control number EN-93874
037 ## - SOURCE OF ACQUISITION
Source of stock number/acquisition DBAD/PUB
082 ## - DEWEY DECIMAL CLASSIFICATION NUMBER
Classification number 324.254
100 ## - MAIN ENTRY--PERSONAL NAME
Personal name Chakrabarty, Bidyut
245 ## - TITLE STATEMENT
Title Coalition politics in India /
Statement of responsibility, etc by Bidyut Chakrabarty
260 ## - PUBLICATION, DISTRIBUTION, ETC. (IMPRINT)
Place of publication, distribution, etc New Delhi
Name of publisher, distributor, etc Oxford University Press
Date of publication, distribution, etc 2014
270 ## - ADDRESS
Address YMCA Library Building, 1 Jai Singh Road
City New Delhi
Postal code 110001
300 ## - PHYSICAL DESCRIPTION
Extent xxix,213p.
Dimensions 22cm(pbk)
490 ## - SERIES STATEMENT
Series statement Oxford India short introductions
500 ## - GENERAL NOTE
General note Includes bibliographical references and index
942 ## - ADDED ENTRY ELEMENTS (KOHA)
Source of classification or shelving scheme Dewey Decimal Classification
Item type English Books
Call number suffix CHA
Classification part 324.254
Holdings
Withdrawn status Lost status Not for loan Collection code Home library Current library Date acquired Source of acquisition Cost, normal purchase price Full call number Barcode Copy number Cost, replacement price Koha item type
    Not For Loan Non-fiction D.B.Act.Division D.B.Act.Division 16/06/2014 ENG-110342 295.00 324.254 CHA EN-93874 1 295.00 English Books

© Delhi Public Library
Hit Counter
free hit counter